Представление документа в формате RUSMARC

Поле Инд. ПП Название Значение
Тип записи a
Библиографический уровень s
001 Контрольный номер 20f3e19c0c9c4377bd8a79802a9ab73f
005 Дата корректировки 20230112134534.3
011 a ISSN 2072-3636
102 a Страна публикации RU
200 1_ b Общее обозначение материала Текст
e Сведения, относящиеся к заглавию научно-практический
a Заглавие Администратор суда
203 c Тип средства непосредственный
210 1_ d Дата издания 2021
a Место издания Москва
c Издательство Издательская группа "Юрист"
326 a Примечания о периодичности (серийного издания) 4 раза в год
330 a Аннотация Журнал рекомендуется Высшей аттестационной комиссией при Министерстве науки и высшего образования Российской Федерации для публикаций основных результатов диссертаций на соискание ученой степени кандидата и доктора наук
801 _0 a Страна RU
b Организация КФ РГУП
c Дата составления 20210111
g Правила каталогизации PSBO
801 _1 a Страна RU
b Организация КФ РГУП
c Дата составления 20210111
g Правила каталогизации PSBO
901 t Тип документа u
905 a Дата ввода 20230112
953 a Вид документа Журнал печатный